Trump's proposed Traval Ban Countries - Statistics

General Stats
  • This quiz has been taken 163 times
  • The average score is 26 of 43
Answers on the Map
Answers color-coded by a green-red scale on the quiz's map according to % correct below.
 
Answer Stats
Colour Country % Correct
Red countries Iran
92%
Orange countries Russia
92%
Red countries North Korea
85%
Red countries Afghanistan
84%
Red countries Sudan
83%
Red countries Venezuela
83%
Red countries Yemen
83%
Red countries Syria
82%
Orange countries Pakistan
80%
Red countries Cuba
79%
Yellow countries Democratic Republic of the Congo
79%
Orange countries South Sudan
79%
Red countries Libya
78%
Yellow countries Chad
76%
Red countries Somalia
76%
Orange countries Haiti
73%
Yellow countries Republic of the Congo
73%
Yellow countries Mali
72%
Yellow countries Angola
66%
Orange countries Eritrea
64%
Orange countries Belarus
63%
Orange countries Myanmar
62%
Orange countries Laos
59%
Yellow countries Mauritania
59%
Yellow countries Cameroon
58%
Yellow countries Burkina Faso
57%
Yellow countries Zimbabwe
54%
Yellow countries Cambodia
53%
Yellow countries Benin
52%
Orange countries Turkmenistan
49%
Yellow countries Gambia
47%
Yellow countries Liberia
47%
Orange countries Sierra Leone
47%
Yellow countries Equatorial Guinea
41%
Yellow countries Malawi
41%
Yellow countries São Tomé and Príncipe
38%
Red countries Bhutan
37%
Yellow countries Cape Verde
34%
Yellow countries Dominica
31%
Yellow countries Saint Lucia
25%
Yellow countries Saint Kitts and Nevis
24%
Yellow countries Vanuatu
24%
Yellow countries Antigua and Barbuda
22%
No matching quizzes found
Score Distribution
Percent of People with Each Score
Percentile by Number Answered
Your Score History
You have not taken this quiz